000 01160nam a22002897a 4500
001 5438
003 FISKH
005 20241206122209.0
008 241206b cb ||||| |||| 00| 0 eng d
020 _a9780439676083
040 _aFISKH
_beng
_cFISKH
_dFISKH
050 _aD804.Z85
082 _a940.53
100 _aZullo, Allan
245 _aHeroes of the holocaust :
_btrue stories of rescues by teens /
_cby Allan Zullo and Mara Bovsun
250 _aFirst printing February 2005
260 _aNew York :
_bScholastic ;
_c2005.
300 _a183 pages :
_billustrations ;
_c20 cm .
505 _aZ
520 _aMaria Andzelm was a Catholic teenager whose family took in two Jewish men in Nazi-occupied Poland and hid them under their barn floor. She brought them food and books, but they were caught and paid a terrible price. Maria's stirring story is one of five featured in this important book of young people putting their lives on the line for others.
521 8 _a1010
_bLexile
521 8 _aZ
_bRaz-Plus
650 _asurvival
_vNon-fiction
650 _ahistory
_vNon-fiction
942 _2ddc
_cBK
_n0
999 _c5438
_d5438